Súvislosti medzi reálnou a nominálnou konvergenciou SR k priemeru EÚ bakalárska práca

Salvato in:
Dettagli Bibliografici
Autore principale: Józsová, Katarína
Ente Autore: Národohospodárska fakulta EU. Katedra hospodárskej politiky
Altri autori: Lábaj, Martin, 1982-
Natura: Libro
Lingua:slovacco
Pubblicazione: Bratislava 2009
Tags: Aggiungi Tag
Nessun Tag, puoi essere il primo ad aggiungerne!!

MARC

LEADER 00000nam$a2200000$$$4500
001 0101105
005 20240319123902.2
041 0 |a slo 
044 |a SK 
245 1 0 |a Súvislosti medzi reálnou a nominálnou konvergenciou SR k priemeru EÚ  |b bakalárska práca  |c Katarína Józsová ; škol. Martin Lábaj 
264 1 |a Bratislava  |c 2009 
300 |a 36 s. 
100 1 |a Józsová, Katarína 
700 1 |a Lábaj, Martin, 1982- 
710 2 |a Národohospodárska fakulta EU. Katedra hospodárskej politiky